000 00355nam a2200133Ia 4500
005 20260326235443.0
008 260326s9999||||xx |||||||||||||| ||und||
100 _aGonzález Cruz, Eduardo
245 0 _aProyecto Clima y Arquitectura /
_cEduardo González Cruz
260 _bGustavo Gili
300 _a198 p.
650 _aARQUITECTURA Y CLIMA
942 _cBK
999 _c7498
_d7498